000 00638nam a2200205Ia 4500
001 19088
003 GE_BSU
008 181216s||||||||xx |||||||||||||| ||und||
040 _cGE_BSU
245 _aРеферативный журнал, №4.2016.биология.
245 _bРаздел. Ботаника.Высшие растения.
245 _cгл.ред.РАН Р.В.Петров и др.
260 _aMосква.
260 _bвинити
260 _c2016
300 _a40стр,29см
653 _aРеферативный журнал,биология.
653 _aპერიოდიკა
942 _cCR
999 _c52081
_d52081